| 000 | 00440nam a2200157Ia 4500 | ||
|---|---|---|---|
| 008 | 231217s9999 xx 000 0 und d | ||
| 041 | _aEnglish | ||
| 082 | _a001.535 JON;1 R | ||
| 100 | _aJones, M Tim | ||
| 245 | 0 | _aArtificial intelligence application programming | |
| 250 | _a1st ed. | ||
| 260 |
_c2003 _bDreamtech press _aNew Delhi |
||
| 300 | _cCD1181 | ||
| 650 | _aArtificial,intelligence,application,programming | ||
| 942 | _cAA | ||
| 999 |
_c170980 _d170980 |
||